Quizzes
Events
Quiz Creation
Community
Videos
Private Events
Remove Ads
Sign In
Join for FREE
Feedback
Dark Mode
Quiz Categories
Sports
Geography
Music
Movies
Television
Just For Fun
Miscellaneous
History
Literature
Language
Science
Gaming
Entertainment
Religion
Holiday
For Kids
Quiz Lab
Recent
Popular Today
Quiz Kudos Today
Editor Picks
Curator Picks
Quizzes by...
Day
Popularity
Type
Ratings
Length
Year
Community
Subscriptions
Recent Discussions
Orange Saloon
Badges
Playlists
Quests
Create
Leaderboards
Showdown
Live 5
Trivia Bingo
Activity
Puzzle Library
Sporcle Events
Private Events
Virtual Trivia
Globe League
Become a Host
Pub Owners
SporcleCon
Opinionation
Our Games
Videos
Blog
Mobile Apps
Partnerships
Remove Ads and Go Orange
Feedback
Television
TV Characters
TV Show
Sitcom
Network
Friends
Reality Shows
Cast
South Park
Star Trek
The Simpsons
Doctor Who
Television
TV Characters
TV Show
Sitcom
Network
Friends
Reality Shows
Cast
South Park
Star Trek
The Simpsons
Doctor Who
Random Quiz
Search Sporcle
×
Quiz Lab
Quiz Lab
Television
Tower
Type in answers that appear in a list
Type in answers that appear in a list
Classic
Best Score? Go Orange.
Fawlty Towers characters Stats
Can you name the Fawlty Towers characters?
By
Beano73
14m
89 Questions
402 Plays
402 Plays
402 Plays
Comments
Comments
Give Quiz Kudos
Give Quiz Kudos
-
- Ratings
hide this ad
More Info
Replay
Link that replays current quiz
Next Quiz
Link to next quiz in quiz playlist
You Got
0%
They Got
Avg Score
19%
Avg Friend Score
Upgrade to see
Score Distribution
Jump to the score distribution portion of the page
Score
0/89
Timer
14:00
0
Plays Today
Episode
% Correct
All
Basil Fawlty
94%
All
Manuel
93.8%
The Builders
Delivery Man
93.8%
All
Polly
92.8%
All
Sybil Fawlty
88.8%
Series 2
Terry
68.7%
All
Miss Tibbs
63.9%
All
Miss Gatsby
55.7%
The Builders
O'Reilly
51.7%
Communication Problems
Mrs Richards
50.7%
A Touch of Class
Lord Melbury
47.5%
All
Major Gowen
41.5%
Gourmet Night
Kurt
40.3%
The Builders
Stubbs
37.3%
Gourmet Night
Andre
34.3%
Gourmet Night
Mrs Hall
27.1%
The Psychiatrists
Mr Johnson
25.9%
The Kipper and the Corpse
Mr Leeman
25.6%
Gourmet Night
Colonel Hall
25.1%
The Anniversary
Audrey
24.6%
The Psychiatrists
Mrs Johnson
23.9%
Waldorf Salad
Mr Hamilton
23.1%
The Germans
Doctor
22.9%
A Touch of Class
Danny Brown
21.9%
The Wedding Party
Jean
21.9%
Waldorf Salad
Mrs Hamilton
21.9%
Basil the Rat
Mr Carnegie
21.6%
The Hotel Inspectors
Mr Hutchinson
21.1%
Gourmet Night
Mr Twitchen
21.1%
Gourmet Night
Mrs Twitchen
21.1%
Episode
% Correct
The Anniversary
Roger
20.9%
The Hotel Inspectors
John
19.9%
The Wedding Party
Alan
18.7%
The Psychiatrists
Dr Abbott
18.7%
The Psychiatrists
Mrs Abbott
17.2%
The Anniversary
Alice
16.9%
A Touch of Class
Sir Richard Morris
15.7%
The Kipper and the Corpse
Dr Price
15.7%
The Anniversary
Kitty
14.7%
The Wedding Party
Mrs Peignoir
13.9%
The Anniversary
Reg
13.9%
The Hotel Inspectors
Mr Walt
11.7%
The Germans
Sister
11.7%
The Psychiatrists
Raylene Miles
10.7%
Communication Problems
Mr Thurston
10.2%
The Wedding Party
Mr Lloyd
9.2%
The Builders
Jones
8.7%
The Germans
Large Woman
8.2%
The Wedding Party
Rachel Lloyd
8%
Basil the Rat
Ronald
7.7%
The Anniversary
Virginia
6.7%
The Kipper and the Corpse
Mrs White
6.5%
The Anniversary
Arthur
6.5%
The Kipper and the Corpse
Mr Xerxes
6.2%
The Kipper and the Corpse
Mr Zebedee
6.2%
The Kipper and the Corpse
Miss Young
6.2%
The Kipper and the Corpse
Mr White
6.2%
A Touch of Class
Mr Wareing
5.2%
The Builders
Lurphy
4.7%
The Kipper and the Corpse
Mrs Chase
4.2%
Episode
% Correct
Waldorf Salad
Mr Johnstone
4%
Waldorf Salad
Mrs Johnstone
4%
The Kipper and the Corpse
Guest
3.7%
The Kipper and the Corpse
Mr Ingrams
3.7%
Basil the Rat
Guest
3.7%
The Hotel Inspectors
Brian
3.5%
Gourmet Night
Mrs Heath
3.5%
The Psychiatrists
Girlfriend
3.5%
Gourmet Night
Mr Heath
3.2%
Waldorf Salad
Miss Gurke
3.2%
Waldorf Salad
Mr Arrad
3.2%
Gourmet Night
Master Heath
3%
Waldorf Salad
Mrs Arrad
3%
Basil the Rat
Quentina
3%
Communication Problems
Mr Firkins
2.7%
Communication Problems
Mr Kerr
2.7%
The Builders
Kerr
2.5%
The Germans
Mrs Sharp
2.5%
The Germans
German Guests
2.5%
A Touch of Class
Mr Watson
2.2%
A Touch of Class
Mr Mackenzie
2.2%
The Germans
Mr Sharp
2.2%
Waldorf Salad
Miss Hare
2.2%
Communication Problems
Mr Yardley
2%
Communication Problems
Mr Mackintosh
2%
Basil the Rat
Mr Taylor
2%
Basil the Rat
Mrs Taylor
2%
Waldorf Salad
Mr Lisbon
1.2%
The Wedding Party
Customer
1%
Quiz Playlist
Details
Report
Send in Message
Add To Playlist
More Info:
Can you name all of the accredited characters appearing in Fawlty Towers?
Classic:
Type in answers that appear in a list
Last Updated: Feb 16, 2017
Quiz Scoreboard
CHALLENGE
Sign Up to Join the Scoreboard
Show All
Scores
Hide
Comments
May contain spoilers
Recently Published
One Thing in Common: World Cities II
by knightlancer
Geography
7m
Popular People in 1961
by mucciniale
History
6m
1-10 Letter E Words III
by El_Dandy
Language
2m
More to Explore
Quiz From the Vault
Featured Blog Post
Where Did the Easter Bunny Come From?
hide this ad
You Might Also Like...
Tags
Character
episode
Fawlty
Fawlty Towers
Tower
Today's Top Quizzes in Television
Browse Television
hide this ad
Today's Top Quizzes in Tower
Browse Tower
Top Contributed Quizzes in Television
1
One Piece Logic Puzzle
2
Survivor Logic Puzzle: Heroes vs. Villains
3
Survivor Seasons
4
Survivor Season by Logo
5
Ultimate Survivor Logic Puzzle
6
Survivor Logic Puzzle: Winners at War
7
Survivor Trivia
8
Survivor Heroes vs. Villains Logic Puzzle
9
All US Survivor Seasons in Order
10
Emmerdale Characters (from August 2012)
Explore More
Trending Topics
Crossword
Harry Potter
Disney
Marvel
NBA
Anime
Kpop
Song
Pokémon
Country
WWE
NFL
Soccer
The Office
Puzzle
hide this ad
More By:
Beano73
Quiz
Plays
Rating
Category
Featured
Created
West Ham 1980's players
985
4.00
Sports
Feb 6, 2011
'F' UK #1S
911
4.50
Music
Jun 16, 2011
Friday Night Dinner - Mega Quiz
433
Television
Apr 4, 2020
Fawlty Towers characters
402
4.33
Television
Feb 7, 2011
P Countries & Capitals
398
4.42
Geography
Mar 31, 2011
Go to Creator's Profile
Score Distribution
Quiz Creator Spotlight
Beano73
Follow
Send a Message
Quizzes Created
-
Created Quiz Play Count
-
More By This Creator
Popular Quizzes Today
1
Find the US States - No Outlines Minefield
2
The Countries of the World
3
Popular People in 1961
4
Find the Countries of Europe - No Outlines Minefield
5
1-10 Letter E Words III
6
Find the US States
7
One Thing in Common: World Cities II
8
US States
More Television Quizzes
Criteria Characters: Riverdale
Quiz Lab
Trending Quizzes
Country Music Stars Doing Things
Get the Picture: Carrie or Dolly
1-10 Letter F Words
1-10 Letter G Words
Risky Map Clicking: Next State Alphabetically
Recently Updated
Leaping Animals
pecheneg
Reality TV Shows (A-Z)
bhenderson79
Rickey Henderson's Hall of Fame Teammates
pecheneg
Champions League XIs: Arsenal
pecheneg
Quick Pick: Celebrities in WWE's Hall of Fame
aduchscher
A-Z Keypad Blitz II
pecheneg
Multiple Oscar Actors
pecheneg
Mystery Phrase Blitz: Oscar 'Best Actors'
pecheneg
F. Scott Fitzgerald Novels
LTH
Pick 3 Villains
ddd62291
Trending Topics
Harry Potter
Anime
NBA
Crossword
Disney
Kpop
Marvel
Soccer
WWE
NFL
Country
Pokémon
The Office
Puzzle
Song
Your Account Isn't Verified!
In order to create a playlist on Sporcle, you need to verify the email address you used during registration. Go to your
Sporcle Settings
to finish the process.
Report this User
Report this user for behavior that violates our
Community Guidelines
.
Details:
Send Report
Go to the Sporcle.com Mobile Site →
Comments